000 00213 a2200085 4500
020 _a978-1857283211
100 _a Tom Turner
245 _aandscape Planning And Environmental Impact Design
260 _bRoutledge
_c1998
999 _c13112
_d13112